书目信息 |
| 题名: |
空战英豪
|
|
| 作者: | ;铁血图文 编著 | |
| 分册: | ||
| 出版信息: | 北京 人民邮电出版社 2012.02 |
|
| 页数: | 239页 | |
| 开本: | 24cm | |
| 丛书名: | ||
| 单 册: | ||
| 中图分类: | E926.3 | |
| 科图分类: | ||
| 主题词: | 第二次世界大战--军用飞机--世界--史料 , 第二次世界大战 , 军用飞机 | |
| 电子资源: | ||
| ISBN: | 978-7-115-27090-0 | |
| 000 | 00946nam0 2200289 450 | |
| 001 | 010010091311 | |
| 005 | 20130609082533.89 | |
| 010 | @a978-7-115-27090-0@dCNY39.00 | |
| 035 | @a005678606 | |
| 100 | @a20120316d2012 em y0chiy0110 ea | |
| 101 | 0 | @achi |
| 102 | @aCN@b110000 | |
| 105 | @aa z 000yy | |
| 106 | @ar | |
| 200 | 1 | @a空战英豪@9kong zhan ying hao@e二战战机风云录@f铁血图文编著 |
| 210 | @a北京@c人民邮电出版社@d2012.02 | |
| 215 | @a239页@c图,照片@d24cm | |
| 304 | @a英文副题名:World war Ⅱ fighter aircraft | |
| 330 | @a本书介绍了第二次世界大战时期参战双方各国主力战机的设计特点、性能参数以及服役经历等资料,每一架战机都配有图片。 | |
| 517 | 1 | @a二战战机风云录@9er zhan zhan ji feng yun lu |
| 606 | 0 | @a第二次世界大战@x军用飞机@y世界@j史料 |
| 606 | 0 | @a第二次世界大战 |
| 606 | 0 | @a军用飞机 |
| 690 | @aE926.3@v5 | |
| 711 | 02 | @a铁血图文@9tie xue tu wen@4编著 |
| 801 | 0 | @aCN@bNLC@c20120605 |
| 905 | @dE926.3@e32 | |
| 空战英豪:二战战机风云录/铁血图文编著.-北京:人民邮电出版社,2012.02 |
| 239页:图,照片;24cm |
| ISBN 978-7-115-27090-0:CNY39.00 |
| 本书介绍了第二次世界大战时期参战双方各国主力战机的设计特点、性能参数以及服役经历等资料,每一架战机都配有图片。 |
| ● |
| 相关链接 |
|
|
|
|
正题名:空战英豪
索取号:E926.3/32
 
预约/预借
| 序号 | 登录号 | 条形码 | 馆藏地/架位号 | 状态 | 备注 |
| 1 | 0545538 | 205455381 | 第一样本阅览室/ [索取号:E926.3/32] | 在馆 | |
| 2 | 0545539 | 205455390 | 第一借阅区/ [索取号:E926.3/32] | 在馆 | |
| 3 | 0545540 | 205455407 | 第一借阅区/ [索取号:E926.3/32] | 在馆 | |
| 4 | 0545541 | 205455416 | 第一借阅区/ [索取号:E926.3/32] | 在馆 | |
| 5 | 0545542 | 205455425 | 第一借阅区/ [索取号:E926.3/32] | 在馆 |